=LDR 00000nam 2200000 4500 =001 INLIS000000000050073 =005 20170419080221.0 =006 =007 =008 =020 ##$$a 979-1305-22-6 =035 ##$$0010-041700000000263 =040 ##$$a NBPDMAT =082 ##$$a 421.55 =090 ##$$a 421.55 Her t =100 ##$$a Heryanto, Bambang =245 ##$$a Teach your child : $b panduan praktis mendampingi anak belajar bahasa inggris / $c Bambang Heryanto =260 ##$$a Yogyakarta $b Media Ilmu $c 2015 =300 ##$$a viii, 127 hlm. : $b ilus. ; $c 21 cm. =650 ##$$a Bahasa Inggris =850 ##$$a NBPDMAT